000 00330nam a2200133Ia 4500
008 240624s9999 xx 000 0 und d
041 _aeng
082 _a170 AUD
100 _aAUDI ROBERT
245 _aMORAL VALUE AND HUMAN DIVERSITY
260 _c2008
_aNew York
_bOxford University Press
300 _a160 : p.
365 _c
_b30
999 _c20882
_d20882